| 000 | 01102nam a22002777a 4500 | ||
|---|---|---|---|
| 001 | 5687 | ||
| 003 | FISKH | ||
| 005 | 20250114090215.0 | ||
| 008 | 250114b cb ||||| |||| 00| 0 eng d | ||
| 020 | _a9780590475600 | ||
| 040 |
_aFISKH _beng _cFISKH _dFISKH |
||
| 050 | _aHQ1236.U6 | ||
| 082 | _a305.420973 | ||
| 100 | _aSullivan, George | ||
| 245 |
_aThe day the women got the vote : _bA photo history of the women's rights movement / _cby George Sullivan |
||
| 250 | _aFirst Scholastic printing, March 1994 | ||
| 260 |
_aNew York : _bScholatic ; _c1994 . |
||
| 300 |
_a96 pages : _billustrations ; _c26 cm . |
||
| 505 | _aZ | ||
| 520 | _aWhile that day in November in 1920 when women were allowed to vote in the United States was a landmark event in American history, it represents only a portion of the long and bitter struggle by women to win equal rights in all things, not just voting. Includes portraits and period photographs. | ||
| 521 | 8 |
_a1130
_bLexile |
|
| 521 | 8 |
_aZ
_bRaz-Plus |
|
| 650 |
_awomen's rights _vnon-fiction |
||
| 942 |
_2ddc _cBK _n0 |
||
| 999 |
_c5687 _d5687 |
||